000 00558nam a22002177a 4500
001 sjds
003 sjds
005 20221222120634.0
008 221222b sp ||||| |||| 00| 0 spa d
020 _a9788434856844
020 _a8434856840
040 _csjds
041 _aspa
100 _aDahl, Roald
245 _aEl vicario que hablaba al reves /
_cRoald Dahl, Quentin Blake
260 _aMadrid :
_bSM,
_c1997
300 _a 42 pages :
_bcolor illustrations ;
_c19 cm
440 _aBarco de vapor
700 1 0 _aBlake, Quentin.
942 _cBK
_2ddc
999 _c27607
_d27607